| 000 | 00673cab a2200241 4500 | ||
|---|---|---|---|
| 001 | ABS52956 | ||
| 008 | 090401t1995 xxu||||| |||| 00| 0 eng d | ||
| 035 | _a(Sirsi) u1085 | ||
| 041 | _aeng | ||
| 100 | _aHouston, K. | ||
| 245 | _aFace up to an empty threat | ||
| 260 | _c1995 | ||
| 350 | _a0 | ||
| 490 |
_aC A Magazine _v99(1066) May 1995, 22-25(3) |
||
| 520 | _aExamines the impact in Scotland of the Uniform Business Rate, which came into force on 1 April. | ||
| 650 | _aBUSINESS RATES | ||
| 650 | _aEMPTY PROPERTY | ||
| 650 |
_aProperty management _96262 |
||
| 650 | _aVACANT PROPERTY | ||
| 690 | _aRATING AND VALUATION | ||
| 942 | _n0 | ||
| 948 | _c04/03/1997 | ||
| 999 |
_c595 _d595 |
||